[Event "4NCL Online Division 5"]
[Site "online"]
[Date "2020.11.03"]
[Round "6.133"]
[White "Nokes, Oliver"]
[Black "Taylor, Mark V"]
[Result "0-1"]
[WhiteElo "1525"]
[BlackElo "1832"]
[PlyCount "40"]
[EventDate "2020.11.03"]
[WhiteTeam "Watford 3"]
[BlackTeam "Crowthorne 1"]

1. e4 e6 2. Nf3 c5 3. Nc3 Nc6 4. d4 cxd4 5. Nxd4 Qc7 6. Nxc6 bxc6 7. Bd3 Nf6 8.
O-O Be7 9. Re1 O-O 10. e5 Nd5 11. Nxd5 cxd5 12. Qh5 g6 13. Qh3 d6 14. Bf4 dxe5
15. Bxe5 Bd6 16. Qg3 Bxe5 17. Qxe5 Qxe5 18. Rxe5 f6 19. Re3 e5 20. Rh3 Bxh3 0-1

[Event "4NCL Online Division 5"]
[Site "online"]
[Date "2020.11.03"]
[Round "6.134"]
[White "Green, George D A"]
[Black "Hylands, Keith"]
[Result "1-0"]
[WhiteElo "1825"]
[BlackElo "1360"]
[PlyCount "79"]
[EventDate "2020.11.03"]
[WhiteTeam "Crowthorne 1"]
[BlackTeam "Watford 3"]

1. c4 c5 2. Nc3 Nf6 3. Nf3 Nc6 4. g3 g6 5. Bg2 Bg7 6. O-O O-O 7. d3 b6 8. a3
Rb8 9. Bf4 d6 10. Qd2 Bb7 11. Bh6 Nd4 12. Nxd4 cxd4 13. Nb5 Bxg2 14. Kxg2 Qd7
15. Bxg7 Kxg7 16. Nxd4 e5 17. Nb5 h5 18. e4 h4 19. f4 hxg3 20. hxg3 Rh8 21. Rh1
Nh5 22. f5 Rh7 23. Rh2 Rbh8 24. Rah1 Qe7 25. Qe3 Qf6 26. Nc7 Kf8 27. Nd5 Qd8
28. Kf2 Kg7 29. g4 Nf6 30. Rxh7+ Rxh7 31. Rxh7+ Nxh7 32. Kg3 Nf6 33. Nxf6 Qxf6
34. g5 Qd8 35. f6+ Kh7 36. Kg2 Qh8 37. Qh3+ Kg8 38. Qc8+ Kh7 39. Qd7 Kg8 40.
Qe8+ 1-0

[Event "4NCL Online Division 5"]
[Site "online"]
[Date "2020.11.03"]
[Round "6.141"]
[White "Siddle, Michael"]
[Black "Richardson, Kevin D"]
[Result "0-1"]
[WhiteElo "1570"]
[BlackElo "2194"]
[PlyCount "106"]
[EventDate "2020.11.03"]
[WhiteTeam "Bishop Knights"]
[BlackTeam "Farnham A"]

1. c4 e5 2. g3 Nc6 3. Bg2 g6 4. Nc3 Bg7 5. e3 d6 6. Nge2 f5 7. d4 Nf6 8. a3 a5
9. Rb1 O-O 10. O-O Ne7 11. dxe5 dxe5 12. Qb3 c6 13. Rd1 Qc7 14. Bd2 Be6 15.
Rbc1 Bf7 16. Qa2 a4 17. Nb1 Rad8 18. Bc3 Rxd1+ 19. Rxd1 b5 20. Nd2 Rd8 21. Qb1
bxc4 22. Qc1 Nfd5 23. Nxc4 Nxc3 24. Rxd8+ Qxd8 25. Nxc3 Bxc4 26. Nxa4 Bb3 27.
Nc5 Qd1+ 28. Qxd1 Bxd1 29. Ne6 e4 30. Nxg7 Kxg7 31. Bf1 Kf6 32. Bc4 Ke5 33. b3
Nd5 34. a4 Nb6 35. Bg8 h6 36. a5 Nc8 37. Kf1 Bc2 38. Ke1 Bd3 39. Kd2 Ne7 40.
Bc4 Bxc4 41. bxc4 Kd6 42. Kc3 Kc5 43. a6 Nc8 44. Kb3 Kb6 45. Kc3 Nd6 46. Kd4
Nf7 47. a7 Kxa7 48. Kc5 Kb7 49. Kb4 Kb6 50. c5+ Ka6 51. Kc4 Ka5 52. Kd4 Kb5 53.
h3 h5 0-1

[Event "4NCL Online Division 5"]
[Site "online"]
[Date "2020.11.03"]
[Round "6.142"]
[White "Warren, Alex M"]
[Black "Clynes, Chris"]
[Result "1-0"]
[WhiteElo "2050"]
[BlackElo "1457"]
[PlyCount "81"]
[EventDate "2020.11.03"]
[WhiteTeam "Farnham A"]
[BlackTeam "Bishop Knights"]

1. Nf3 d5 2. c4 d4 3. b4 Nf6 4. Bb2 e6 5. Nxd4 Bxb4 6. Qa4+ Bd7 7. Qxb4 b6 8.
e3 c5 9. Qa3 cxd4 10. Bxd4 Nc6 11. Bb2 Qe7 12. Be2 O-O 13. O-O Rfe8 14. Qxe7
Rxe7 15. Nc3 Nb4 16. Ba3 a5 17. Rab1 Ree8 18. Bxb4 axb4 19. Rxb4 Rab8 20. Rfb1
Bc6 21. Rxb6 Rxb6 22. Rxb6 Be4 23. d3 Ba8 24. Bf3 Bxf3 25. gxf3 Nd7 26. Rb5 f6
27. f4 e5 28. Nd5 exf4 29. Nxf4 Ra8 30. Rb2 Ra3 31. d4 Kf7 32. c5 Rc3 33. Nd5
Rc4 34. Kg2 Ke6 35. Nb6 Nxb6 36. cxb6 Rc8 37. b7 Rb8 38. a4 Kd6 39. a5 Kc6 40.
a6 Kc7 41. d5 1-0

[Event "4NCL Online Division 5"]
[Site "online"]
[Date "2020.11.03"]
[Round "6.143"]
[White "Burnett, John"]
[Black "Abhishek, Pradhan"]
[Result "0-1"]
[WhiteElo "1240"]
[BlackElo "1810"]
[PlyCount "50"]
[EventDate "2020.11.03"]
[WhiteTeam "Bishop Knights"]
[BlackTeam "Farnham A"]

1. e4 e6 2. d3 d5 3. e5 c5 4. d4 Nc6 5. Nf3 cxd4 6. Nxd4 Nxe5 7. Bf4 Nc6 8.
Nxc6 bxc6 9. b3 Qf6 10. c3 Qxf4 11. g3 Qe4+ 12. Qe2 Qxh1 13. Nd2 Qxh2 14. O-O-O
Qh6 15. Bg2 Ba3+ 16. Kb1 Qg6+ 17. Ne4 Nf6 18. Rd4 Nxe4 19. Bxe4 dxe4 20. Rxe4
O-O 21. Kc2 Bb7 22. b4 c5 23. Kb3 Bxe4 24. Kxa3 cxb4+ 25. cxb4 Rfd8 0-1

[Event "4NCL Online Division 5"]
[Site "online"]
[Date "2020.11.03"]
[Round "6.144"]
[White "Cooper, Malcolm H"]
[Black "Coates, Ryan"]
[Result "1-0"]
[WhiteElo "1817"]
[BlackElo "1225"]
[PlyCount "51"]
[EventDate "2020.11.03"]
[WhiteTeam "Farnham A"]
[BlackTeam "Bishop Knights"]

1. d4 d5 2. c4 c6 3. Nc3 Bf5 4. Qb3 Nf6 5. Qxb7 Nbd7 6. Qxc6 e6 7. c5 Be7 8.
Nf3 O-O 9. Bf4 Rc8 10. Qa4 a5 11. e3 Nh5 12. Ba6 Nxf4 13. exf4 Rb8 14. Bb5 Nf6
15. O-O Bg4 16. Ne5 Rb7 17. Nc6 Qc7 18. Nxe7+ Qxe7 19. Qc2 Bf5 20. Qd2 Ne4 21.
Nxe4 Rxb5 22. Nd6 Rfb8 23. Nxb5 Rxb5 24. Rfc1 Qb7 25. c6 Qb6 26. c7 1-0

[Event "4NCL Online Division 5"]
[Site "online"]
[Date "2020.11.03"]
[Round "6.152"]
[White "Constable, Christine F"]
[Black "Foster, Brian E"]
[Result "0-1"]
[WhiteElo "1615"]
[BlackElo "1630"]
[PlyCount "182"]
[EventDate "2020.11.03"]
[WhiteTeam "Bude Surfers"]
[BlackTeam "Uxbridge Bombers A"]

1. Nf3 d5 2. d4 c6 3. g3 Nf6 4. Bg2 h6 5. O-O Bf5 6. c4 e6 7. b3 Be7 8. Bb2
Nbd7 9. Nbd2 Bh7 10. Ne5 O-O 11. Rc1 Rc8 12. e3 Re8 13. cxd5 exd5 14. Bh3 Bd6
15. Ndf3 Rb8 16. Nxd7 Nxd7 17. Nh4 Nf6 18. Bf5 g6 19. Bh3 Be7 20. Nf3 Ne4 21.
Ne5 Ng5 22. Bg2 Bf6 23. Qc2 Bg7 24. Qc5 a6 25. Qc2 Qd6 26. Nf3 Ne4 27. Nd2 g5
28. Nxe4 Bxe4 29. Bxe4 Rxe4 30. Ba1 Rbe8 31. Qc5 Qd7 32. Kg2 h5 33. Qc2 h4 34.
Qd1 h3+ 35. Kg1 g4 36. Re1 Qf5 37. a4 R8e6 38. b4 Rf6 39. Rf1 Qf3 40. Qxf3 Rxf3
41. b5 axb5 42. axb5 Re6 43. bxc6 bxc6 44. Rb1 Kh7 45. Rfc1 Kg6 46. Bc3 Kf5 47.
Be1 Ke4 48. Rb6 Rff6 49. Rc3 Rg6 50. Kf1 f5 51. Rb4 Bf8 52. Ra4 Be7 53. Bd2 Bd8
54. Rb3 Bc7 55. Rb7 Bd6 56. Rb6 Be7 57. Rb3 Bf6 58. Ba5 Bg5 59. Bc7 Bf6 60. Bf4
Bg5 61. Be5 Rg8 62. Rc3 Rc8 63. Rc5 Be7 64. Rc3 c5 65. Bf4 c4 66. Ke2 Rb6 67.
Ra7 Rb2+ 68. Kf1 Bb4 69. Rc1 Re8 70. Rc7 c3 71. Rc6 Kd3 72. Rd1+ Rd2 73. Rc1
Ra8 74. e4 Rc2 75. exf5 Rxc1+ 76. Bxc1 Ra1 77. f4 Rxc1+ 78. Kf2 Rc2+ 79. Kg1
Kxd4 80. f6 Rg2+ 81. Kh1 c2 82. f7 Kd3 83. Rc8 d4 84. f5 Rf2 85. f8=Q Bxf8 86.
Kg1 Rxf5 87. Rc6 Kd2 88. Rc4 d3 89. Rc6 c1=Q+ 90. Rxc1 Kxc1 91. Kh1 d2 0-1

[Event "4NCL Online Division 5"]
[Site "online"]
[Date "2020.11.03"]
[Round "6.153"]
[White "Nandi, Asoke K"]
[Black "Richards, Maurice A"]
[Result "0-1"]
[WhiteElo "1562"]
[BlackElo "1577"]
[PlyCount "74"]
[EventDate "2020.11.03"]
[WhiteTeam "Uxbridge Bombers A"]
[BlackTeam "Bude Surfers"]

1. e4 e6 2. d4 d5 3. exd5 exd5 4. Nf3 Bg4 5. Bd3 Bd6 6. c3 Ne7 7. Bg5 f6 8. Bh4
O-O 9. O-O Nf5 10. Qc2 Qd7 11. Nbd2 Nxh4 12. Nxh4 g6 13. Nxg6 hxg6 14. Bxg6 Qg7
15. Rfe1 Nd7 16. f3 f5 17. fxg4 Qxg6 18. gxf5 Qxf5 19. Qxf5 Rxf5 20. Rf1 Raf8
21. Rxf5 Rxf5 22. Rf1 Rxf1+ 23. Nxf1 Bf4 24. g3 Bc1 25. b3 Bb2 26. Ne3 c6 27.
Nd1 Bc1 28. Kf2 Nf6 29. Ke2 Ne4 30. g4 Kg7 31. c4 Kg6 32. cxd5 cxd5 33. Ne3
Bxe3 34. Kxe3 Kg5 35. h3 Nc3 36. a4 a5 37. h4+ Kxg4 0-1

[Event "4NCL Online Division 5"]
[Site "online"]
[Date "2020.11.03"]
[Round "6.154"]
[White "Russell, Lloyd"]
[Black "Gauri, Dhairye"]
[Result "0-1"]
[WhiteElo "1195"]
[BlackElo "1412"]
[PlyCount "92"]
[EventDate "2020.11.03"]
[WhiteTeam "Bude Surfers"]
[BlackTeam "Uxbridge Bombers A"]

1. d4 Nf6 2. Nf3 e6 3. e3 Nc6 4. c4 d5 5. cxd5 exd5 6. g3 Bg4 7. Bg2 Be7 8. h3
Bh5 9. Qb3 Na5 10. Qb5+ c6 11. Qd3 O-O 12. O-O Bg6 13. Qe2 Re8 14. Ne5 Be4 15.
Nc3 Bxg2 16. Kxg2 c5 17. dxc5 Bxc5 18. Nf3 d4 19. Rd1 Qb6 20. Na4 Qc6 21. Nxc5
Qxc5 22. a3 Nb3 23. Rb1 dxe3 24. Bxe3 Qc6 25. Qd3 Nc5 26. Bxc5 Qxc5 27. b4 Qc6
28. Rbc1 Qb6 29. Qd4 Qa6 30. Qa1 Rac8 31. Rd2 Ne4 32. Rdc2 Rxc2 33. Rxc2 Qd3
34. Qb1 Qxa3 35. Ra2 Qc3 36. Rxa7 Nd2 37. Qf5 Nxf3 38. Qxf3 Qxb4 39. Rxb7 Qc4
40. Qb3 Qe4+ 41. Kh2 Qf5 42. Kg2 h6 43. g4 Qe4+ 44. f3 Qe2+ 45. Kg3 Qe1+ 46.
Kf4 Qe5# 0-1

[Event "4NCL Online Division 5"]
[Site "online"]
[Date "2020.11.03"]
[Round "6.161"]
[White "Winser, Frederick"]
[Black "Mason, Ian C"]
[Result "0-1"]
[WhiteElo "1300"]
[BlackElo "1897"]
[PlyCount "86"]
[EventDate "2020.11.03"]
[WhiteTeam "Manchester Juniors C"]
[BlackTeam "Grangemouth Gambiteers"]

1. e4 e5 2. Nf3 Nc6 3. Nc3 Nf6 4. d3 Be7 5. Bg5 h6 6. Bxf6 Bxf6 7. Nd5 d6 8.
Nxf6+ Qxf6 9. Qd2 Be6 10. O-O-O Bg4 11. h3 Bxf3 12. gxf3 Qf4 13. Rg1 Qxd2+ 14.
Rxd2 g5 15. Rg4 Nd4 16. Bg2 Ne6 17. h4 f6 18. c3 Ke7 19. d4 Rad8 20. d5 Nf4 21.
Bf1 Rdg8 22. Kc2 h5 23. Rg1 g4 24. b4 gxf3 25. Rxg8 Rxg8 26. c4 Rg1 27. Bd3 Rh1
28. c5 Rxh4 29. a4 b6 30. cxb6 cxb6 31. Kb3 Nxd3 32. Rxd3 Rxe4 33. Rc3 Kd7 34.
Rxf3 Rf4 35. Rg3 Rg4 36. Rf3 Rg6 37. Rf5 Rh6 38. Kc4 h4 39. Kb5 h3 40. f4 h2
41. fxe5 h1=Q 42. exf6 Qe4 43. Rg5 Qd3# 0-1

[Event "4NCL Online Division 5"]
[Site "online"]
[Date "2020.11.03"]
[Round "6.162"]
[White "Will, Douglas"]
[Black "Eccleston, Rowan"]
[Result "1-0"]
[WhiteElo "1828"]
[BlackElo "1187"]
[PlyCount "41"]
[EventDate "2020.11.03"]
[WhiteTeam "Grangemouth Gambiteers"]
[BlackTeam "Manchester Juniors C"]

1. e4 e6 2. Nc3 d5 3. f4 dxe4 4. Nxe4 Nf6 5. Nxf6+ Qxf6 6. Nf3 Bc5 7. d4 Bd6 8.
Bd3 Bxf4 9. Bxf4 Qxf4 10. O-O Nc6 11. Kh1 Nxd4 12. Nxd4 Qe5 13. Qd2 c5 14. Nf3
Qxb2 15. Rab1 Qxa2 16. Bb5+ Ke7 17. Qg5+ Kd6 18. Rfd1+ Kc7 19. Qe7+ Bd7 20.
Qxd7+ Kb8 21. Bc6 1-0

[Event "4NCL Online Division 5"]
[Site "online"]
[Date "2020.11.03"]
[Round "6.163"]
[White "Sheehy, Lewis"]
[Black "Sandham, Alasdair"]
[Result "1-0"]
[WhiteElo "1127"]
[BlackElo "1361"]
[PlyCount "77"]
[EventDate "2020.11.03"]
[WhiteTeam "Manchester Juniors C"]
[BlackTeam "Grangemouth Gambiteers"]

1. e4 c5 2. c3 g6 3. d4 cxd4 4. cxd4 Bg7 5. Nf3 Nc6 6. Nc3 e6 7. Bb5 Nge7 8.
O-O O-O 9. Bg5 a6 10. Ba4 b5 11. Bc2 Qe8 12. Qd2 Bb7 13. Bh6 Rc8 14. Bxg7 Kxg7
15. d5 exd5 16. exd5 Nb4 17. Qd4+ f6 18. Qxb4 Nxd5 19. Nxd5 Bxd5 20. Rfe1 Qf7
21. Be4 Bxa2 22. Bb7 Rce8 23. Rxe8 Rxe8 24. Bxa6 Bc4 25. Bxb5 Bd5 26. Ra7 Rb8
27. Qc5 Be6 28. Nd4 Kh6 29. Nxe6 Qxe6 30. Qc1+ g5 31. Bxd7 Qe2 32. Bf5 Rh8 33.
h3 Qe5 34. Bd3 f5 35. Ra6+ Kh5 36. Qd1+ g4 37. hxg4+ fxg4 38. Qd2 h6 39. Ra5
1-0

[Event "4NCL Online Division 5"]
[Site "online"]
[Date "2020.11.03"]
[Round "6.164"]
[White "Whitton, Nicholas"]
[Black "Fung, Marcus"]
[Result "0-1"]
[WhiteElo "1052"]
[BlackElo "1037"]
[PlyCount "100"]
[EventDate "2020.11.03"]
[WhiteTeam "Grangemouth Gambiteers"]
[BlackTeam "Manchester Juniors C"]

1. e4 e5 2. Nf3 Nc6 3. d4 exd4 4. Nxd4 Bc5 5. Nxc6 bxc6 6. Bc4 d6 7. Nd2 Nf6 8.
Nf3 O-O 9. e5 Ng4 10. O-O Nxe5 11. Nxe5 dxe5 12. Qf3 Bb7 13. Qg3 Qf6 14. Bg5
Qg6 15. Qxe5 Bd6 16. Qe3 Qxc2 17. b3 Qg6 18. f4 Qf5 19. Be7 Rfe8 20. Bd3 Qg4
21. Qe4 g6 22. Qf3 Qxf3 23. Rxf3 Rxe7 24. Bc4 Rae8 25. Rff1 Bc5+ 26. Kh1 Bc8
27. a4 Bd4 28. Rad1 Bg7 29. Kg1 Bg4 30. Rb1 Be2 31. Bxe2 Rxe2 32. b4 Rc2 33.
Rf2 Bd4 34. Rbf1 Bxf2+ 35. Rxf2 Re1+ 36. Rf1 Rxf1+ 37. Kxf1 Rc4 38. g3 Rxb4 39.
h4 Rxa4 40. Kg2 Kg7 41. Kh3 Kf6 42. Kg4 h6 43. h5 gxh5+ 44. Kxh5 Ra3 45. Kg4
h5+ 46. Kh4 a5 47. g4 hxg4 48. Kxg4 a4 49. Kh4 Kf5 50. Kh5 Rh3# 0-1

[Event "4NCL Online Division 5"]
[Site "online"]
[Date "2020.11.17"]
[Round "7.11"]
[White "Bailey, Adrian"]
[Black "Beckett, Chris J"]
[Result "0-1"]
[WhiteElo "1787"]
[BlackElo "2162"]
[PlyCount "66"]
[EventDate "2020.11.17"]
[WhiteTeam "Cheshire Cats"]
[BlackTeam "Woking Warriors"]

1. d4 e6 2. c4 c5 3. d5 Nf6 4. Nc3 d6 5. e4 exd5 6. exd5 Be7 7. Bd3 O-O 8. Nge2
a6 9. O-O Nbd7 10. Bf4 Nh5 11. Bg3 Nxg3 12. Nxg3 Ne5 13. Be2 f5 14. f4 Nd7 15.
Bd3 g6 16. Qc2 Nf6 17. Rae1 Bd7 18. Rf3 Rf7 19. Nxf5 Bxf5 20. Bxf5 gxf5 21.
Qxf5 Qf8 22. Rg3+ Kh8 23. Qe6 Ne8 24. Rh3 Bf6 25. Ne4 Bd4+ 26. Kf1 Re7 27. Qg4
Nf6 28. Qh4 Rae8 29. g3 Rxe4 30. Rxe4 Rxe4 31. Qg5 Qe7 32. Rh6 Re2 33. Qf5 Rf2+
0-1

[Event "4NCL Online Division 5"]
[Site "online"]
[Date "2020.11.17"]
[Round "7.12"]
[White "Kothari, Jai"]
[Black "Penny, Liam"]
[Result "1-0"]
[WhiteElo "1295"]
[BlackElo "1765"]
[PlyCount "49"]
[EventDate "2020.11.17"]
[WhiteTeam "Woking Warriors"]
[BlackTeam "Cheshire Cats"]

1. e4 d5 2. exd5 Nf6 3. Bc4 Nxd5 4. Nc3 Nb6 5. Bb3 Nc6 6. Qf3 e6 7. Nge2 Be7 8.
O-O O-O 9. d3 Ne5 10. Qg3 Ng6 11. Be3 Bd6 12. f4 e5 13. f5 Nh4 14. f6 Nf5 15.
Rxf5 g6 16. Rff1 e4 17. Nf4 Qxf6 18. Nxe4 Qxb2 19. Nxd6 cxd6 20. d4 Qc3 21. Nh5
Qc7 22. Nf6+ Kg7 23. Bh6+ Kxh6 24. Qh4+ Kg7 25. Qxh7# 1-0

[Event "4NCL Online Division 5"]
[Site "online"]
[Date "2020.11.17"]
[Round "7.13"]
[White "Fisher, Peter"]
[Black "Seet, Joshua"]
[Result "0-1"]
[WhiteElo "1727"]
[BlackElo "1322"]
[PlyCount "102"]
[EventDate "2020.11.17"]
[WhiteTeam "Cheshire Cats"]
[BlackTeam "Woking Warriors"]

1. e4 c6 2. d4 d5 3. Nd2 dxe4 4. Nxe4 Nf6 5. Ng3 e6 6. Nf3 Bd6 7. Be3 O-O 8.
Bd3 Nbd7 9. O-O e5 10. dxe5 Nxe5 11. Be2 Bg4 12. Nd4 Bxe2 13. Ndxe2 Nd5 14. Bd4
Nc4 15. b3 Ncb6 16. Ne4 Nf4 17. Re1 Nbd5 18. c4 Nxe2+ 19. Rxe2 Nf4 20. Re1 Re8
21. Qd2 b6 22. Bb2 Bc7 23. Qc2 Qd3 24. Qxd3 Nxd3 25. Bc3 Nxe1 26. Rxe1 Rad8 27.
Kf1 f5 28. Ng3 Bxg3 29. hxg3 g6 30. f4 Rxe1+ 31. Kxe1 Rd3 32. Be5 Rxg3 33. Kf2
Rd3 34. Ke2 Rd8 35. g3 Kf7 36. b4 b5 37. c5 a6 38. a3 Ke6 39. Bd6 Rxd6 40. cxd6
Kxd6 41. Kd3 Kd5 42. Kc3 h6 43. Kd3 g5 44. fxg5 hxg5 45. Ke3 c5 46. bxc5 Kxc5
47. Kd3 Kd5 48. Ke3 a5 49. Kd3 b4 50. axb4 axb4 51. Kc2 Kc4 0-1

[Event "4NCL Online Division 5"]
[Site "online"]
[Date "2020.11.17"]
[Round "7.14"]
[White "Wicks, Alexander"]
[Black "Cox, Paul"]
[Result "0-1"]
[WhiteElo "1217"]
[BlackElo "1600"]
[PlyCount "58"]
[EventDate "2020.11.17"]
[WhiteTeam "Woking Warriors"]
[BlackTeam "Cheshire Cats"]

1. e4 e5 2. Nf3 Nc6 3. Bb5 Bc5 4. O-O d6 5. d4 exd4 6. Nxd4 Bd7 7. Nxc6 bxc6 8.
Bc4 Qf6 9. Nc3 Ne7 10. Be3 Bb4 11. Bd4 Qg6 12. Qf3 O-O 13. a3 Ba5 14. Bd3 Qg4
15. Qe3 Bb6 16. Rfe1 Rfe8 17. e5 Bxd4 18. h3 Bxe3 19. hxg4 Bf4 20. exd6 Bxd6
21. g5 Bf5 22. Bc4 Bxc2 23. Re3 Ng6 24. Rh3 Ne5 25. Ba2 Re7 26. Re1 Rae8 27.
Rc1 Bg6 28. Ne2 Nd3 29. Rxd3 Bxd3 0-1

[Event "4NCL Online Division 5"]
[Site "online"]
[Date "2020.11.17"]
[Round "7.21"]
[White "Liu, Jason"]
[Black "Walker, Kate"]
[Result "1-0"]
[WhiteElo "1392"]
[BlackElo "1705"]
[PlyCount "81"]
[EventDate "2020.11.17"]
[WhiteTeam "BCC Penguins"]
[BlackTeam "Shropshire 4"]

1. e4 c6 2. d4 d5 3. exd5 cxd5 4. Bd3 Nc6 5. c3 g6 6. h3 Bg7 7. Nf3 Qc7 8. O-O
Nf6 9. Re1 O-O 10. Bg5 Nh5 11. Qd2 Re8 12. Na3 a6 13. Bh6 Bh8 14. Re2 e5 15.
dxe5 Nxe5 16. Nxe5 Bxe5 17. Rae1 Bd7 18. Nc2 Bh8 19. Nd4 Rxe2 20. Bxe2 Nf6 21.
Bf3 Re8 22. Rxe8+ Bxe8 23. Bf4 Qa5 24. a3 Ne4 25. Qe3 Nf6 26. Bg5 Ne4 27. Bxe4
dxe4 28. Qxe4 Qxg5 29. Qxe8+ Kg7 30. Qe2 Kf8 31. g3 Qd5 32. Qf3 Qxf3 33. Nxf3
Ke7 34. Kf1 Bf6 35. Ke2 h6 36. Kd3 Kd6 37. Nd2 Kd5 38. a4 b6 39. c4+ Kc5 40.
Ne4+ Kb4 41. Nxf6 1-0

[Event "4NCL Online Division 5"]
[Site "online"]
[Date "2020.11.17"]
[Round "7.22"]
[White "Hilditch-Love, Daniel"]
[Black "Liu, Benjamin"]
[Result "1-0"]
[WhiteElo "1682"]
[BlackElo "1000"]
[PlyCount "81"]
[EventDate "2020.11.17"]
[WhiteTeam "Shropshire 4"]
[BlackTeam "BCC Penguins"]

1. Nf3 Nf6 2. b3 g6 3. Bb2 Bg7 4. e3 d6 5. Be2 O-O 6. c4 e5 7. d3 Nc6 8. Nbd2
Re8 9. a3 Bg4 10. Qc2 d5 11. cxd5 Qxd5 12. Rd1 Qe6 13. h3 Bxf3 14. Bxf3 Rad8
15. O-O Nd5 16. Be2 f5 17. b4 f4 18. e4 Nb6 19. Nc4 Nxc4 20. dxc4 Rxd1 21. Rxd1
Nd4 22. Bxd4 exd4 23. f3 b6 24. c5 bxc5 25. Bc4 Qxc4 26. Qxc4+ Kf8 27. Qxc5+
Kg8 28. Rxd4 Bxd4+ 29. Qxd4 Rf8 30. Kf2 Kf7 31. g3 Ke6 32. Qd5+ Ke7 33. gxf4
Rxf4 34. Ke3 Rh4 35. Qg5+ Kd6 36. e5+ Kd7 37. Qxh4 Ke6 38. Qf6+ Kd5 39. Kd3 a5
40. b5 Kc5 41. Qc6# 1-0

[Event "4NCL Online Division 5"]
[Site "online"]
[Date "2020.11.17"]
[Round "7.23"]
[White "Bell, Euan"]
[Black "Priestley, Stephen"]
[Result "0-1"]
[WhiteElo "700"]
[BlackElo "1637"]
[PlyCount "42"]
[EventDate "2020.11.17"]
[WhiteTeam "BCC Penguins"]
[BlackTeam "Shropshire 4"]

1. c4 Nf6 2. Nc3 d6 3. Qa4+ c6 4. Qc2 e5 5. b3 g6 6. Bb2 Bg7 7. Nf3 Bf5 8. d3
O-O 9. g3 Na6 10. Ne4 Nxe4 11. dxe4 Bg4 12. Ng1 Qb6 13. Bh3 f5 14. Bxg4 fxg4
15. e3 Nb4 16. Qd2 Rf7 17. a3 Na6 18. Qxd6 Rd8 19. Qe6 Qxb3 20. Rb1 Qc2 21. Rc1
Qxf2# 0-1

[Event "4NCL Online Division 5"]
[Site "online"]
[Date "2020.11.17"]
[Round "7.24"]
[White "Holmes, Nick D"]
[Black "Florczak, Adam"]
[Result "1-0"]
[WhiteElo "1540"]
[BlackElo "700"]
[PlyCount "93"]
[EventDate "2020.11.17"]
[WhiteTeam "Shropshire 4"]
[BlackTeam "BCC Penguins"]

1. c4 e5 2. Nc3 Nc6 3. g3 Bc5 4. Bg2 Nf6 5. d3 O-O 6. Nf3 d6 7. O-O Ng4 8. e3
Be6 9. a3 d5 10. b4 Be7 11. b5 Na5 12. h3 Nf6 13. Qa4 b6 14. Nxe5 Bd6 15. Nc6
Qd7 16. Kh2 Nxc6 17. bxc6 Qc8 18. cxd5 Bf5 19. e4 Bg6 20. Nb5 Be5 21. Rb1 a6
22. Nd4 b5 23. Qb4 Qb8 24. Ne2 a5 25. Qxb5 Qxb5 26. Rxb5 Rfb8 27. Rxb8+ Rxb8
28. Bf4 Bxf4 29. Nxf4 Rb3 30. Ra1 Nh5 31. Nxg6 hxg6 32. d4 f5 33. e5 Rd3 34. d6
cxd6 35. exd6 Rxd4 36. d7 Nf6 37. Rb1 Kf7 38. Rb8 Ke7 39. c7 Rc4 40. c8=Q Rxc8
41. dxc8=Q Nd7 42. Qe8+ Kd6 43. Qxg6+ Kc7 44. Rb7+ Kd8 45. Qxg7 Kc8 46. Qg8+
Nf8 47. Qxf8# 1-0

[Event "4NCL Online Division 5"]
[Site "online"]
[Date "2020.11.17"]
[Round "7.31"]
[White "Jaunooby, Ali R"]
[Black "Eames, Robert S"]
[Result "0-1"]
[WhiteElo "2252"]
[BlackElo "2267"]
[PlyCount "110"]
[EventDate "2020.11.17"]
[WhiteTeam "Manchester Manticores 1"]
[BlackTeam "Hackney Thirsty"]

1. d4 Nf6 2. Bf4 c5 3. d5 d6 4. Nc3 e5 5. Bg3 Nh5 6. e4 g6 7. Be2 Nxg3 8. hxg3
h5 9. f4 exf4 10. gxf4 Bg7 11. Nf3 Qa5 12. Qd2 O-O 13. Nb5 Qd8 14. O-O-O a6 15.
Na3 b5 16. Ng5 c4 17. c3 Bg4 18. Bxg4 hxg4 19. Qf2 Nd7 20. Qh4 Nf6 21. Nc2 Re8
22. Rde1 a5 23. Rhf1 b4 24. e5 Nh5 25. Qxg4 dxe5 26. fxe5 Bh6 27. Qxc4 Bxg5+
28. Kb1 Rc8 29. e6 f5 30. Qd3 Nf4 31. Qg3 Nxd5 32. Rd1 Rxe6 33. Rxd5 Qxd5 34.
Qxg5 bxc3 35. Rh1 Rb8 36. b4 Rd8 37. Kc1 Qd2+ 38. Qxd2 cxd2+ 39. Kd1 axb4 40.
Nxb4 Re1+ 41. Rxe1 dxe1=Q+ 42. Kxe1 Kf7 43. Ke2 Ke6 44. Ke3 g5 45. Nc6 Ra8 46.
Nd4+ Ke5 47. Nf3+ Kf6 48. g3 Ra3+ 49. Kf2 Rxa2+ 50. Ke3 Ra3+ 51. Kf2 g4 52. Nd4
Ke5 53. Ne2 Ke4 54. Ng1 Ra2+ 55. Kf1 Ke3 0-1

[Event "4NCL Online Division 5"]
[Site "online"]
[Date "2020.11.17"]
[Round "7.32"]
[White "Mackle, Dominic"]
[Black "Rawlinson, Aidan M"]
[Result "1-0"]
[WhiteElo "2192"]
[BlackElo "2215"]
[PlyCount "47"]
[EventDate "2020.11.17"]
[WhiteTeam "Hackney Thirsty"]
[BlackTeam "Manchester Manticores 1"]

1. d4 g6 2. e4 Bg7 3. Nc3 d6 4. f4 Nf6 5. Nf3 O-O 6. Be3 b6 7. e5 Ng4 8. Bg1
Bb7 9. h3 Nh6 10. g4 c5 11. d5 Nd7 12. Bh2 dxe5 13. fxe5 e6 14. Bc4 b5 15. Nxb5
Nb6 16. Be2 exd5 17. Nd6 Bc6 18. O-O Qe7 19. Qd2 Kh8 20. Rae1 Ng8 21. Qa5 Nd7
22. Qc7 Nb8 23. Qxe7 Nxe7 24. Ng5 1-0

[Event "4NCL Online Division 5"]
[Site "online"]
[Date "2020.11.17"]
[Round "7.33"]
[White "Pink, Joshua"]
[Black "Baumann, Tobias"]
[Result "0-1"]
[WhiteElo "2080"]
[BlackElo "2005"]
[PlyCount "34"]
[EventDate "2020.11.17"]
[WhiteTeam "Manchester Manticores 1"]
[BlackTeam "Hackney Thirsty"]

1. e4 c5 2. Nf3 d6 3. d4 cxd4 4. Nxd4 Nf6 5. Bc4 Nxe4 6. Qh5 g6 7. Qd5 f5 8.
Qf7+ Kd7 9. Be6+ Kc7 10. Nb5+ Kc6 11. N1a3 a6 12. Nd4+ Kc7 13. Be3 Nc6 14. Nxc6
bxc6 15. Nc4 Rb8 16. Bd4 Ng5 17. Bxh8 Bxe6 0-1

[Event "4NCL Online Division 5"]
[Site "online"]
[Date "2020.11.17"]
[Round "7.34"]
[White "Robinson, Adam"]
[Black "Stoker, Andrew J"]
[Result "0-1"]
[WhiteElo "1997"]
[BlackElo "2035"]
[PlyCount "102"]
[EventDate "2020.11.17"]
[WhiteTeam "Hackney Thirsty"]
[BlackTeam "Manchester Manticores 1"]

1. e4 e6 2. d4 d5 3. Nd2 Nf6 4. e5 Nfd7 5. Bd3 c5 6. c3 Nc6 7. Ne2 cxd4 8. cxd4
Qb6 9. Nf3 f6 10. exf6 Nxf6 11. O-O Bd6 12. Re1 O-O 13. Nf4 Bd7 14. Nxe6 Rfe8
15. Nf4 Rxe1+ 16. Nxe1 Qxd4 17. Be3 Qe5 18. Rc1 Bg4 19. Be2 Bxe2 20. Qxe2 Re8
21. Ned3 Qf5 22. Qc2 Re4 23. g3 g5 24. Ng2 Rc4 25. Qd1 Rxc1 26. Nxc1 h6 27. Qb3
b6 28. Qc3 Ne5 29. Ne1 Ne4 30. Qc2 Bc5 31. Bxc5 bxc5 32. Nb3 c4 33. Nd4 Qf6 34.
b3 Nd3 35. Ndf3 Nxe1 36. Nxe1 c3 37. f3 Nd2 38. Qd3 d4 39. Kf2 Kg7 40. Nc2 Nxf3
41. Kg2 g4 42. Qe4 Qg6 43. Qb7+ Qf7 44. Qe4 Qd7 45. Nb4 d3 46. Nxd3 Qxd3 47.
Qe7+ Kg6 48. Qe6+ Kh5 49. Qf7+ Qg6 50. Qd5+ Ng5 51. h4 Qe4+ 0-1